| 000 | 00619nam a2200169 i 4500 | ||
|---|---|---|---|
| 001 | 182289 | ||
| 003 | ES-MaACL | ||
| 005 | 20230906221556.0 | ||
| 008 | 130731s1986 ag |||| | spa d | ||
| 100 | 0 |
_aRivacoba y Rivacoba, Manuel de. _997535 |
|
| 245 | 1 | 0 |
_aObjeto jurídico y sujeto pasivo de la falsificación de moneda / _cpor Manuel de Rivacoba y Rivacoba. |
| 260 |
_aBuenos Aires : _bDepalma, _c1986. |
||
| 300 |
_aP. [41]-53 ; _c22 cm. |
||
| 595 | _aSeparata de Doctrina Penal, revista trimestral, nº 33/34 enero-junio 1986. | ||
| 650 | 4 |
_aFalsificación de moneda. _9153125 |
|
| 852 |
_aES-MaACL _j2316-F-37 |
||
| 999 |
_c182289 _d182289 |
||